Super Smash Bros. Fighters #02 - The Donkey Kong Quiz - Statistics

General Stats
  • This quiz has been taken 324 times
  • The average score is 11 of 15
Answer Stats
Hint Answer % Correct
What kind of animal is Donkey Kong? (Contrary to his name) Gorilla
98%
What is Donkey Kong’s favourite food? Bananas
97%
DK is always in the nude except for this article of clothing he likes to wear: Tie
93%
What instrument was a DK-themed controller for the GameCube? Bongos
91%
Universal sued Nintendo because DK was supposedly a rip-off of which iconic character? King Kong
90%
What is the name of the platforming series starring Donkey Kong? Donkey Kong Country
88%
What type of container is DK commonly associated with? Barrels
81%
Arcade DK and modern DK are apparently not the same. What is Arcade DK known as these days? Cranky Kong
76%
Who is Donkey Kong’s girlfriend? Candy Kong
73%
Who voices Donkey Kong in the 2023 Super Mario Bros. Movie? Seth Rogen
72%
One of DK’s most impressive feats is launching this celestial body into the Earth and back with a single punch: The Moon
68%
What type of building does Donkey Kong live in? Treehouse
58%
What is DK’s catchphrase from the Donkey Kong Country TV show? Banana {Slamma}
55%
Which cartoon was the original arcade Donkey Kong game going to be about? Popeye
54%
What toys-to-life game (that isn’t amiibo) does Donkey Kong have a figure for? Skylanders: Superchargers
53%
No matching quizzes found
Score Distribution
Percent of People with Each Score
Percentile by Number Answered
Your Score History
You have not taken this quiz